000 00273nam a2200109Ia 4500
999 _c8565
_d8565
020 _a978-0130307545
100 _aAlbert Lulushi
245 0 _aOracle Forms Developer's Handbook Oracle Forms 6i
260 _aNew Jersey
_bWorld Scientific
_c1973
300 _a319
942 _cBK